000 00908cam a2200241 i 4500
003 SA-RiAUC
005 20250325120720.0
008 250325q19801989le g 000r0 ara c
040 _aSA-RIMASH
_bara
_cSA-RiAUC
_erda
082 0 4 _a258
090 _a258
_b ج ز ي
100 1 _aالجزيري، عبد الرحمن بن محمد عوض،
_d1882-1941
_eمؤلف.
245 1 2 _aالفقه على المذاهب الأربعة /
_cعبد الرحمن الجزيري.
264 1 _aبيروت :
_bدار الكتب العلمية،
_c1988
300 _a5 مجلد ؛
_c28 سم
336 _aنص
_btxt
_2rdacontent
_3كتاب
337 _aبدون وسيط
_bn
_2rdamedia
338 _aمجلد
_bnc
_2rdacarrier
650 7 _aالفقه الإسلامي
_xمذاهب
_2aucsh
650 7 _aالفقه الإسلامي
_xمذاهب
_2aucsh
942 _2ddc
_cBOOK
_n0
949 _aSA-JeALM
_d250325
_ueid123
_n1
999 _c6619
_d6619